El mito de la nueva cristiandad
Gorde:
| Egile nagusia: | |
|---|---|
| Formatua: | Liburua |
| Hizkuntza: | gaztelania |
| Argitaratua: |
Madrid
Rialp
1957
|
| Edizioa: | 3a. ed |
| Saila: | Biblioteca del Pensamiento Actual
|
| Gaiak: | |
| Etiketak: |
Etiketa erantsi
Etiketarik gabe, Izan zaitez lehena erregistro honi etiketa jartzen!
|
MARC
| LEADER | 00000nam a2200000 a 4500 | ||
|---|---|---|---|
| 001 | UCT7724 | ||
| 003 | CL-VaPUC | ||
| 008 | 970317e19570000SP |||||||||||||||||spa|d | ||
| 082 | 0 | 4 | |a 144 |b PAL |2 21 |
| 100 | |a Palacios, Leopoldo Eulogio |e autor |9 393247 | ||
| 245 | 1 | 3 | |a El mito de la nueva cristiandad |
| 250 | |a 3a. ed | ||
| 300 | |a 156 p | ||
| 942 | |c BK | ||
| 945 | |d 19970317 00:00:00 |a nastorga | ||
| 260 | |a Madrid |b Rialp |c 1957 | ||
| 650 | 0 | |a Humanismo cristiano |9 257489 | |
| 650 | 7 | |a REFORMAS |2 CL-VaPUC |9 256195 | |
| 650 | 7 | |a SABIDURIA |2 CL-VaPUC |9 333169 | |
| 650 | 0 | |a Edad media |9 258041 | |
| 650 | 0 | |a Modernismo |9 267987 | |
| 650 | 0 | |a Historia |9 255047 | |
| 650 | 0 | |a Filosofía |9 223554 | |
| 583 | |a last modification |c 19970317 00:00:00 |k Rodrigo Vera | ||
| 490 | 0 | |a Biblioteca del Pensamiento Actual | |
| 999 | |c 256272 |d 256270 | ||
| 952 | |0 0 |1 0 |4 0 |6 144_000000000000000_PAL_1957 |7 0 |8 DER_TF |9 278929 |a BIBDER |b BIBDER |d 2019-11-19 |i 1810219 |o 144 PAL 1957 |p 1810219 |r 2023-01-25 |w 2019-11-19 |x Ubicación 4to Piso |y BK |z Estos recursos deben solicitarse con anticipación |k DER | ||